Laws on education (Record no. 1197)

MARC details
000 -LEADER
fixed length control field 00469nam a22001577a 4500
005 - DATE AND TIME OF LATEST TRANSACTION
control field 20230216065228.0
008 - FIXED-LENGTH DATA ELEMENTS--GENERAL INFORMATION
fixed length control field 230216b |||||||| |||| 00| 0 eng d
020 ## - INTERNATIONAL STANDARD BOOK NUMBER
International Standard Book Number 971-815-025-0
082 ## - DEWEY DECIMAL CLASSIFICATION NUMBER
Classification number Fil. 344.59907 L425 2000
245 ## - TITLE STATEMENT
Title Laws on education
260 ## - PUBLICATION, DISTRIBUTION, ETC.
Place of publication, distribution, etc. Quezon City:
Name of publisher, distributor, etc. Neo Asia Publishing,
Date of publication, distribution, etc. c2000
300 ## - PHYSICAL DESCRIPTION
Extent 271p.
504 ## - BIBLIOGRAPHY, ETC. NOTE
Bibliography, etc. note Includes index
541 ## - IMMEDIATE SOURCE OF ACQUISITION NOTE
Accession number 1257 c.1, 1258 c.2, 1259 c.3, 1260 c.4
650 ## - SUBJECT ADDED ENTRY--TOPICAL TERM
Topical term or geographic name entry element Education - Philippines - Laws and legislation
Holdings
Withdrawn status Lost status Source of classification or shelving scheme Damaged status Not for loan Home library Current library Date acquired Total Checkouts Full call number Barcode Date last seen Copy number Price effective from Koha item type
    Dewey Decimal Classification     ctu-moalboal ctu-moalboal 06/13/2011   Fil. 344.59907 L425 2000 1257 02/16/2023 1 02/16/2023 Books-Filipiniana
    Dewey Decimal Classification     ctu-moalboal ctu-moalboal 06/13/2011   Fil. 344.59907 L425 2000 1258 02/16/2023 2 02/16/2023 Books-Filipiniana
    Dewey Decimal Classification     ctu-moalboal ctu-moalboal 06/13/2011   Fil. 344.59907 L425 2000 1259 02/16/2023 3 02/16/2023 Books-Filipiniana
    Dewey Decimal Classification     ctu-moalboal ctu-moalboal 06/13/2011   Fil. 344.59907 L425 2000 1260 02/16/2023 4 02/16/2023 Books-Filipiniana